000 006060000a22001930004500
090 _aAR
_b03336
245 1 0 _aDescriptions of proposed new birds from Central and South America
500 _a<Colección Aves>
650 1 4 _aOrnitología
_993189
650 1 4 _aAves
_992429
650 1 4 _aDistribución geográfica
_992997
650 1 4 _aMorfología animal
_99953
651 4 _pAmérica Central
_992749
651 4 _pAmérica del Sur
_992749
041 0 _aEspañol
100 1 _aChapman, Frank M.
_994323
942 _cARTICULO
773 1 _tBulletin American Museum of Natural History
_3179
_q363-388
_d1915
_g34
999 _c12387
_d12387